| 000 | 00394nam a2200157Ia 4500 | ||
|---|---|---|---|
| 008 | 130318s9999 xx 000 0 und d | ||
| 020 | _a9788131222560 | ||
| 082 | _a005.13 SCO/P;2 | ||
| 100 | _aScott, Michael L | ||
| 245 | _aProgramming language pragmatics | ||
| 250 | _a3 | ||
| 260 |
_bElsevier _aBurlington _c2009 |
||
| 300 | _a910 | ||
| 650 | _aMOBILE CODE | ||
| 650 | _aPROGRAMMING LANGUAGE | ||
| 999 |
_c2014 _d2014 |
||